[Event "European Senior Team Championship 2021"]
[Site "Don Giovanni hotel, Vinohradska 2733, Prague, Czech Republic"]
[Date "2021.08.31"]
[Round "2"]
[Board "2"]
[White "Mazanek, Kamil"]
[Black "Mrva, Martin"]
[Result "0-1"]
[WhiteElo "2070"]
[BlackElo "2387"]
[PlyCount "0"]
[EventDate "2021.08.30"]
[EventType "team"]
[EventRounds "9"]
[EventCountry "ECX"]
[WhiteTeam "TJ SOKOL UDLICE"]
[BlackTeam "SLOVAKIA"]

1. e4 {[%clk 1:30:54]} d6 {[%clk 1:30:49]} 2. d4 {[%clk 1:30:52]} a6
{[%clk 1:31:00]} 3. Nc3 {[%clk 1:30:33]} b5 {[%clk 1:31:03]} 4. a3
{[%clk 1:30:24]} Bb7 {[%clk 1:29:59]} 5. Be3 {[%clk 1:24:33]} Nf6
{[%clk 1:28:30]} 6. f3 {[%clk 1:22:03]} Nbd7 {[%clk 1:28:16]} 7. Nge2
{[%clk 1:17:10]} e5 {[%clk 1:23:25]} 8. d5 {[%clk 1:11:37]} c6 {[%clk 1:22:23]}
9. dxc6 {[%clk 1:02:00]} Bxc6 {[%clk 1:22:47]} 10. Nc1 {[%clk 1:00:24]} Rc8
{[%clk 1:03:28]} 11. Nb3 {[%clk 0:57:07]} Nb6 {[%clk 1:01:48]} 12. Na5
{[%clk 0:42:12]} Ba8 {[%clk 1:02:03]} 13. Qd2 {[%clk 0:42:26]} d5
{[%clk 0:59:05]} 14. exd5 {[%clk 0:37:11]} Nbxd5 {[%clk 0:58:26]} 15. Nxd5
{[%clk 0:37:31]} Nxd5 {[%clk 0:58:47]} 16. Bf2 {[%clk 0:36:49]} Be7
{[%clk 0:57:59]} 17. Nb3 {[%clk 0:29:50]} Bg5 {[%clk 0:57:40]} 18. Qd3
{[%clk 0:27:44]} O-O {[%clk 0:57:01]} 19. Nc5 {[%clk 0:25:20]} Qa5+
{[%clk 0:54:11]} 20. c3 {[%clk 0:23:59]} b4 {[%clk 0:54:19]} 21. Qxa6
{[%clk 0:17:29]} Rxc5 {[%clk 0:54:28]} 22. Bxc5 {[%clk 0:13:53]} Qxc5
{[%clk 0:54:41]} 23. axb4 {[%clk 0:14:15]} Nxb4 {[%clk 0:52:55]} 24. cxb4
{[%clk 0:10:30]} Qxb4+ {[%clk 0:53:18]} 25. Kf2 {[%clk 0:10:39]} Qd4+  0-1

[Event "European Senior Team Championship 2021"]
[Site "Don Giovanni hotel, Vinohradska 2733, Prague, Czech Republic"]
[Date "2021.08.31"]
[Round "2"]
[Board "3"]
[White "Plachetka, Jan"]
[Black "Svarc, Roman"]
[Result "1/2-1/2"]
[WhiteElo "2307"]
[BlackElo "2030"]
[PlyCount "0"]
[EventDate "2021.08.30"]
[EventType "team"]
[EventRounds "9"]
[EventCountry "ECX"]
[WhiteTeam "SLOVAKIA"]
[BlackTeam "TJ SOKOL UDLICE"]

1. d4 {[%clk 1:30:44]} Nf6 {[%clk 1:30:51]} 2. c4 {[%clk 1:30:53]} c5
{[%clk 1:31:03]} 3. d5 {[%clk 1:31:01]} b5 {[%clk 1:31:15]} 4. cxb5
{[%clk 1:30:57]} a6 {[%clk 1:31:36]} 5. bxa6 {[%clk 1:31:00]} Bxa6
{[%clk 1:31:58]} 6. Nc3 {[%clk 1:30:41]} d6 {[%clk 1:32:03]} 7. g3
{[%clk 1:30:31]} g6 {[%clk 1:31:20]} 8. Bg2 {[%clk 1:30:29]} Bg7 {[%clk 1:31:35]}
9. Nf3 {[%clk 1:30:34]} O-O {[%clk 1:31:46]} 10. O-O {[%clk 1:30:56]} Nbd7
{[%clk 1:31:43]} 11. Qc2 {[%clk 1:27:12]} Ra7 {[%clk 1:29:09]} 12. Rd1
{[%clk 1:21:04]} Qa8 {[%clk 1:26:30]} 13. Nh4 {[%clk 1:11:51]} Rb8
{[%clk 1:22:56]} 14. Rb1 {[%clk 1:04:58]} Rb4 {[%clk 1:18:49]} 15. a3
{[%clk 0:59:48]} Rb6 {[%clk 0:48:49]} 16. b4 {[%clk 0:45:17]} Rab7
{[%clk 0:38:48]} 17. Qa4 {[%clk 0:35:25]} Qb8 {[%clk 0:32:45]} 18. Bd2
{[%clk 0:27:48]} cxb4 {[%clk 0:25:15]} 19. axb4 {[%clk 0:27:27]} Bc4
{[%clk 0:24:41]}  1/2-1/2

[Event "European Senior Team Championship 2021"]
[Site "Don Giovanni hotel, Vinohradska 2733, Prague, Czech Republic"]
[Date "2021.08.31"]
[Round "2"]
[Board "4"]
[White "Kozak, Karel"]
[Black "Motuz, Karol"]
[Result "1/2-1/2"]
[WhiteElo "1859"]
[BlackElo "2323"]
[PlyCount "0"]
[EventDate "2021.08.30"]
[EventType "team"]
[EventRounds "9"]
[EventCountry "ECX"]
[WhiteTeam "TJ SOKOL UDLICE"]
[BlackTeam "SLOVAKIA"]

1. e4 {[%clk 1:30:55]} c5 {[%clk 1:30:49]} 2. Nf3 {[%clk 1:31:10]} d6
{[%clk 1:31:14]} 3. d4 {[%clk 1:31:35]} cxd4 {[%clk 1:31:40]} 4. Nxd4
{[%clk 1:31:58]} Nf6 {[%clk 1:32:04]} 5. Nc3 {[%clk 1:31:33]} a6 {[%clk 1:31:56]}
6. Be2 {[%clk 1:31:23]} e5 {[%clk 1:29:21]} 7. Nb3 {[%clk 1:31:02]} Be7
{[%clk 1:29:18]} 8. Be3 {[%clk 1:30:28]} Be6 {[%clk 1:29:10]} 9. f4
{[%clk 1:23:25]} exf4 {[%clk 1:25:30]} 10. Bxf4 {[%clk 1:23:34]} Nc6
{[%clk 1:24:35]} 11. Qd2 {[%clk 1:14:15]} d5 {[%clk 1:03:15]} 12. exd5
{[%clk 1:00:47]} Nxd5 {[%clk 1:03:02]} 13. Nxd5 {[%clk 1:00:34]} Qxd5
{[%clk 1:01:34]} 14. Qxd5 {[%clk 0:55:47]} Bxd5 {[%clk 1:01:59]} 15. O-O
{[%clk 0:55:07]} O-O {[%clk 1:00:49]} 16. Rfd1 {[%clk 0:50:54]} Be6
{[%clk 0:53:19]} 17. c3 {[%clk 0:49:23]} a5 {[%clk 0:44:02]} 18. Bd6
{[%clk 0:47:01]}  1/2-1/2

[Event "European Senior Team Championship 2021"]
[Site "Don Giovanni hotel, Vinohradska 2733, Prague, Czech Republic"]
[Date "2021.08.31"]
[Round "2"]
[Board "1"]
[White "Nemec, Pavel"]
[Black "Richtrova, Eliska"]
[Result "1-0"]
[WhiteElo "2213"]
[BlackElo "2186"]
[PlyCount "0"]
[EventDate "2021.08.30"]
[EventType "team"]
[EventRounds "9"]
[EventCountry "ECX"]
[WhiteTeam "SK BOHEMIA PARDUBICE"]
[BlackTeam "CZECH REPUBLIC WOMEN"]

1. e4 {[%clk 1:30:57]} d6 {[%clk 1:30:44]} 2. d4 {[%clk 1:31:19]} Nf6
{[%clk 1:31:10]} 3. Nc3 {[%clk 1:31:35]} g6 {[%clk 1:31:37]} 4. f4
{[%clk 1:31:32]} Bg7 {[%clk 1:32:03]} 5. Nf3 {[%clk 1:31:54]} O-O
{[%clk 1:32:28]} 6. Bd3 {[%clk 1:31:45]} Na6 {[%clk 1:32:50]} 7. O-O
{[%clk 1:31:41]} c5 {[%clk 1:33:17]} 8. d5 {[%clk 1:32:04]} Nc7 {[%clk 1:30:16]}
9. Qe1 {[%clk 1:31:43]} e6 {[%clk 1:26:42]} 10. dxe6 {[%clk 1:31:35]} Nxe6
{[%clk 1:23:28]} 11. f5 {[%clk 1:29:35]} Nd4 {[%clk 1:23:54]} 12. Qh4
{[%clk 1:27:29]} Nd7 {[%clk 1:18:53]} 13. Bg5 {[%clk 1:24:48]} Bf6
{[%clk 1:19:05]} 14. fxg6 {[%clk 1:20:34]} hxg6 {[%clk 1:04:15]} 15. Bxf6
{[%clk 1:20:37]} Qxf6 {[%clk 1:04:40]} 16. Ng5 {[%clk 1:14:51]} Qh8
{[%clk 0:59:32]} 17. Qxh8+ {[%clk 1:14:19]} Kxh8 {[%clk 0:59:58]} 18. Nxf7+
{[%clk 1:14:17]} Kg7 {[%clk 1:00:22]} 19. Nxd6 {[%clk 1:14:22]} Ne5
{[%clk 1:00:26]} 20. Rxf8 {[%clk 1:14:14]} Kxf8 {[%clk 1:00:53]} 21. Nc4
{[%clk 1:01:45]} Ndc6 {[%clk 0:56:01]} 22. Rf1+ {[%clk 1:01:17]} Kg7
{[%clk 0:56:27]} 23. Nd5 {[%clk 0:54:50]} b5 {[%clk 0:47:57]} 24. Nxe5
{[%clk 0:45:56]} Nxe5 {[%clk 0:48:18]} 25. Nc7 {[%clk 0:44:12]} Rb8
{[%clk 0:48:44]} 26. Bxb5 {[%clk 0:42:31]} a6 {[%clk 0:48:45]} 27. Bxa6
{[%clk 0:41:21]} Bxa6 {[%clk 0:49:14]} 28. Nxa6 {[%clk 0:41:38]} Rxb2
{[%clk 0:49:43]} 29. Nxc5 {[%clk 0:41:43]} Rxc2 {[%clk 0:48:03]} 30. Ne6+
{[%clk 0:41:36]} Kh6 {[%clk 0:47:42]} 31. Ra1 {[%clk 0:36:37]} Nc4
{[%clk 0:41:12]} 32. a4 {[%clk 0:30:37]} Re2 {[%clk 0:41:33]} 33. Nc5
{[%clk 0:29:45]} Ne3 {[%clk 0:41:23]} 34. a5 {[%clk 0:25:15]} Rxg2+
{[%clk 0:38:34]} 35. Kh1 {[%clk 0:25:37]} Rc2 {[%clk 0:23:16]} 36. a6
{[%clk 0:24:22]} Nc4 {[%clk 0:23:41]} 37. Nd7 {[%clk 0:23:55]} Nd2
{[%clk 0:22:31]} 38. Ne5 {[%clk 0:21:35]} Rc8 {[%clk 0:22:31]} 39. a7
{[%clk 0:21:30]} Ra8 {[%clk 0:22:57]} 40. Nc6 {[%clk 0:18:23]} Nxe4
{[%clk 0:21:06]} 41. Rb1 {[%clk 0:18:26]}  1-0

[Event "European Senior Team Championship 2021"]
[Site "Don Giovanni hotel, Vinohradska 2733, Prague, Czech Republic"]
[Date "2021.08.31"]
[Round "2"]
[Board "2"]
[White "Kubikova, Hana"]
[Black "Malinovsky, Petr"]
[Result "1/2-1/2"]
[WhiteElo "2070"]
[BlackElo "2076"]
[PlyCount "0"]
[EventDate "2021.08.30"]
[EventType "team"]
[EventRounds "9"]
[EventCountry "ECX"]
[WhiteTeam "CZECH REPUBLIC WOMEN"]
[BlackTeam "SK BOHEMIA PARDUBICE"]

1. e4 {[%clk 1:30:55]} c5 {[%clk 1:30:55]} 2. Nf3 {[%clk 1:31:12]} g6
{[%clk 1:31:14]} 3. d4 {[%clk 1:30:59]} cxd4 {[%clk 1:31:38]} 4. Nxd4
{[%clk 1:31:21]} Nc6 {[%clk 1:31:55]} 5. c4 {[%clk 1:30:03]} Nf6 {[%clk 1:31:21]}
6. Nc3 {[%clk 1:30:04]} Nxd4 {[%clk 1:31:34]} 7. Qxd4 {[%clk 1:30:28]} d6
{[%clk 1:31:54]} 8. Be2 {[%clk 1:30:27]} Bg7 {[%clk 1:32:04]} 9. Be3
{[%clk 1:29:44]} O-O {[%clk 1:32:04]} 10. Qd2 {[%clk 1:29:48]} a5
{[%clk 1:31:23]} 11. O-O {[%clk 1:28:53]} a4 {[%clk 1:31:07]} 12. Rab1
{[%clk 1:26:53]} Qa5 {[%clk 1:30:35]} 13. f3 {[%clk 1:23:20]} Be6
{[%clk 1:28:26]} 14. Rfc1 {[%clk 1:21:32]} Rfc8  1/2-1/2

[Event "European Senior Team Championship 2021"]
[Site "Don Giovanni hotel, Vinohradska 2733, Prague, Czech Republic"]
[Date "2021.08.31"]
[Round "2"]
[Board "3"]
[White "Paldus, Petr"]
[Black "Svobodova, Michaela"]
[Result "1-0"]
[WhiteElo "2025"]
[BlackElo "1919"]
[PlyCount "0"]
[EventDate "2021.08.30"]
[EventType "team"]
[EventRounds "9"]
[EventCountry "ECX"]
[WhiteTeam "SK BOHEMIA PARDUBICE"]
[BlackTeam "CZECH REPUBLIC WOMEN"]

1. e4 {[%clk 1:30:58]} c5 {[%clk 1:30:42]} 2. Nf3 {[%clk 1:30:45]} a6
{[%clk 1:30:48]} 3. c3 {[%clk 1:31:10]} e6 {[%clk 1:30:47]} 4. d4
{[%clk 1:31:35]} d5 {[%clk 1:30:59]} 5. e5 {[%clk 1:30:35]} Nc6 {[%clk 1:30:05]}
6. a3 {[%clk 1:23:38]} Qb6 {[%clk 1:27:07]} 7. b4 {[%clk 1:23:16]} cxd4
{[%clk 1:25:36]} 8. cxd4 {[%clk 1:23:43]} Bd7 {[%clk 1:20:59]} 9. Nc3
{[%clk 1:20:09]} f6 {[%clk 1:13:15]} 10. exf6 {[%clk 1:15:17]} Nxf6
{[%clk 1:11:57]} 11. Na4 {[%clk 1:12:58]} Qc7 {[%clk 1:08:01]} 12. Nc5
{[%clk 1:13:19]} a5 {[%clk 0:58:52]} 13. Nxd7 {[%clk 1:09:10]} Qxd7
{[%clk 0:56:26]} 14. b5 {[%clk 1:07:02]} Na7 {[%clk 0:50:56]} 15. Ne5
{[%clk 1:02:55]} Qd8 {[%clk 0:49:31]} 16. Bd3 {[%clk 1:00:23]} Bd6
{[%clk 0:48:41]} 17. O-O {[%clk 0:58:44]} O-O {[%clk 0:48:04]} 18. Bg5
{[%clk 0:56:47]} Nc8 {[%clk 0:42:52]} 19. Qc2 {[%clk 0:51:12]} Qc7
{[%clk 0:39:05]} 20. Qe2 {[%clk 0:43:54]} Bxe5 {[%clk 0:33:13]} 21. dxe5
{[%clk 0:41:07]} Nd7 {[%clk 0:31:53]} 22. f4 {[%clk 0:38:47]} Nc5
{[%clk 0:28:24]} 23. Qc2 {[%clk 0:26:57]} h6 {[%clk 0:23:00]} 24. Bh4
{[%clk 0:26:59]} Ne7 {[%clk 0:21:51]} 25. b6 {[%clk 0:22:10]} Qxb6
{[%clk 0:16:50]} 26. Bh7+ {[%clk 0:22:27]} Kf7 {[%clk 0:14:13]} 27. Rab1
{[%clk 0:14:14]} Qa7 {[%clk 0:11:18]} 28. Kh1 {[%clk 0:09:03]} Rac8
{[%clk 0:08:56]} 29. Qf2 {[%clk 0:07:10]} b6 {[%clk 0:07:20]} 30. g4
{[%clk 0:04:18]} Ke8 {[%clk 0:03:34]} 31. f5 {[%clk 0:04:05]} exf5
{[%clk 0:02:20]} 32. gxf5 {[%clk 0:04:27]} Ne4 {[%clk 0:01:39]} 33. Qxb6
{[%clk 0:03:04]} Qxb6 {[%clk 0:01:51]} 34. Rxb6 {[%clk 0:03:32]} Nc6
{[%clk 0:01:03]} 35. Rc1 {[%clk 0:02:18]} Kd7 {[%clk 0:01:12]} 36. e6+
{[%clk 0:01:42]} Kd6 {[%clk 0:01:23]} 37. e7 {[%clk 0:01:23]} Rh8
{[%clk 0:01:28]} 38. Bg6 {[%clk 0:01:46]} Ke5 {[%clk 0:30:17]} 39. Rbxc6
{[%clk 0:31:47]}  1-0

[Event "European Senior Team Championship 2021"]
[Site "Don Giovanni hotel, Vinohradska 2733, Prague, Czech Republic"]
[Date "2021.08.31"]
[Round "2"]
[Board "4"]
[White "Taborska, Veronika"]
[Black "Vodicka, Pavel"]
[Result "1/2-1/2"]
[WhiteElo "2002"]
[BlackElo "1915"]
[PlyCount "0"]
[EventDate "2021.08.30"]
[EventType "team"]
[EventRounds "9"]
[EventCountry "ECX"]
[WhiteTeam "CZECH REPUBLIC WOMEN"]
[BlackTeam "SK BOHEMIA PARDUBICE"]

1. d4 {[%clk 1:30:55]} d5 {[%clk 1:30:55]} 2. c4 {[%clk 1:31:06]} c6
{[%clk 1:31:14]} 3. Nc3 {[%clk 1:30:39]} Nf6 {[%clk 1:31:35]} 4. Bg5
{[%clk 1:29:42]} e6 {[%clk 1:31:33]} 5. e3 {[%clk 1:27:06]} Be7 {[%clk 1:29:15]}
6. Nf3 {[%clk 1:23:24]} O-O {[%clk 1:27:59]} 7. Bd3 {[%clk 1:23:06]} h6
{[%clk 1:28:06]} 8. Bh4 {[%clk 1:22:11]} Nbd7 {[%clk 1:24:34]} 9. O-O
{[%clk 1:20:38]} dxc4 {[%clk 1:21:10]} 10. Bxc4 {[%clk 1:20:10]} Nd5
{[%clk 1:19:37]} 11. Bxe7 {[%clk 1:16:32]} Qxe7 {[%clk 1:19:43]} 12. e4
{[%clk 1:12:30]} Nxc3 {[%clk 1:19:33]} 13. bxc3 {[%clk 1:12:49]} b6
{[%clk 1:14:17]} 14. e5 {[%clk 1:05:05]} Bb7 {[%clk 1:14:01]} 15. Qe2
{[%clk 1:00:35]} c5 {[%clk 1:13:29]} 16. Rfd1 {[%clk 0:59:33]} cxd4
{[%clk 1:13:15]} 17. cxd4 {[%clk 0:59:48]} Rac8 {[%clk 1:09:25]} 18. Bd3
{[%clk 0:50:58]} Rc3 {[%clk 0:56:32]} 19. Nd2 {[%clk 0:45:27]} Rfc8
{[%clk 0:54:06]} 20. Ne4 {[%clk 0:41:32]} Bxe4 {[%clk 0:52:30]} 21. Qxe4
{[%clk 0:41:51]} g6 {[%clk 0:34:00]} 22. h4 {[%clk 0:38:12]} h5 {[%clk 0:33:11]}
23. Re1 {[%clk 0:28:10]} Kg7 {[%clk 0:20:47]} 24. Re3 {[%clk 0:26:15]} Rc1+
{[%clk 0:20:48]} 25. Rxc1 {[%clk 0:26:38]} Rxc1+ {[%clk 0:21:11]} 26. Kh2
{[%clk 0:26:54]} Nf8 {[%clk 0:19:17]} 27. Rg3 {[%clk 0:24:33]} Qb4
{[%clk 0:15:58]} 28. Qf4 {[%clk 0:16:57]} Rc7 {[%clk 0:09:15]} 29. Be2
{[%clk 0:12:40]} Rd7 {[%clk 0:08:53]} 30. Rd3 {[%clk 0:10:41]} Qe7
{[%clk 0:05:29]} 31. Kh3 {[%clk 0:09:53]} Qd8 {[%clk 0:05:38]} 32. g4
{[%clk 0:09:38]} hxg4+ {[%clk 0:05:28]} 33. Bxg4 {[%clk 0:09:26]} a6
{[%clk 0:02:10]} 34. Be2 {[%clk 0:06:05]} b5 {[%clk 0:02:16]} 35. Qg4
{[%clk 0:06:21]} f5 {[%clk 0:01:10]} 36. exf6+ {[%clk 0:06:05]} Qxf6
{[%clk 0:01:35]} 37. Kg3 {[%clk 0:02:31]} Qf5 {[%clk 0:01:36]} 38. Qxf5
{[%clk 0:01:38]} exf5 {[%clk 0:01:52]} 39. Ra3 {[%clk 0:01:12]} Rd6
{[%clk 0:01:51]} 40. Rd3 {[%clk 0:01:34]} Ne6 {[%clk 0:01:32]} 41. d5
{[%clk 0:01:47]} Nc5 {[%clk 0:01:20]} 42. Rd4 {[%clk 0:00:33]} Kf6
{[%clk 0:29:51]} 43. f4 {[%clk 0:28:14]} Ne4+ {[%clk 0:28:36]} 44. Kf3
{[%clk 0:26:59]} Nc3 {[%clk 0:27:46]} 45. Rd2 {[%clk 0:26:53]} Rxd5
{[%clk 0:27:04]} 46. Rc2 {[%clk 0:26:26]} Rc5 {[%clk 0:26:53]} 47. Bd3
{[%clk 0:25:03]} Na4 {[%clk 0:25:34]} 48. Ke3 {[%clk 0:24:34]} Rxc2
{[%clk 0:23:23]} 49. Bxc2 {[%clk 0:24:55]} Nc3 {[%clk 0:23:40]} 50. a3
{[%clk 0:24:05]} Nd5+ 51. Kd4 Nxf4 {[%clk 0:19:46]} 52. Kc5 {[%clk 0:22:56]} Ne6+
{[%clk 0:05:37]} 53. Kb6 {[%clk 0:22:12]} f4 {[%clk 0:01:58]} 54. Bd1
{[%clk 0:20:51]} Nd4 {[%clk 0:01:48]} 55. Kxa6 {[%clk 0:18:47]} Ke5
{[%clk 0:01:55]} 56. Kb6 {[%clk 0:14:54]} f3 {[%clk 0:01:51]} 57. Bxf3
{[%clk 0:15:13]} Nxf3 {[%clk 0:02:18]} 58. Kxb5 {[%clk 0:15:36]} Nxh4
{[%clk 0:02:43]} 59. a4 {[%clk 0:15:52]} Nf5 {[%clk 0:03:08]} 60. a5
{[%clk 0:15:39]} Nd6+ {[%clk 0:03:35]} 61. Kc6 {[%clk 0:15:39]} Nc8
{[%clk 0:02:56]} 62. a6 {[%clk 0:15:06]} Ke6 {[%clk 0:01:16]} 63. Kc7
{[%clk 0:14:32]} Nd6 {[%clk 0:00:49]} 64. Kc6 {[%clk 0:13:30]} Nc8
{[%clk 0:01:00]} 65. Kc7 {[%clk 0:13:52]} Nd6 {[%clk 0:00:44]} 66. Kc6  1/2-1/2

[Event "European Senior Team Championship 2021"]
[Site "Don Giovanni hotel, Vinohradska 2733, Prague, Czech Republic"]
[Date "2021.08.31"]
[Round "2"]
[Board "1"]
[White "Haba, Petr"]
[Black "Hubeny, Pavel"]
[Result "1-0"]
[WhiteElo "2444"]
[BlackElo "1763"]
[PlyCount "0"]
[EventDate "2021.08.30"]
[EventType "team"]
[EventRounds "9"]
[EventCountry "ECX"]
[WhiteTeam "CZECH REPUBLIC"]
[BlackTeam "MAKKABI BOSKOVICE"]

1. d4 {[%clk 1:30:44]} f5 {[%clk 1:28:56]} 2. g3 {[%clk 1:30:57]} Nf6
{[%clk 1:29:07]} 3. Bg2 {[%clk 1:31:19]} e6 {[%clk 1:29:26]} 4. Nf3
{[%clk 1:31:40]} Bb4+ {[%clk 1:29:32]} 5. c3 {[%clk 1:31:37]} Be7
{[%clk 1:29:58]} 6. O-O {[%clk 1:31:50]} O-O {[%clk 1:30:23]} 7. c4
{[%clk 1:31:43]} d6 {[%clk 1:30:45]} 8. Nc3 {[%clk 1:31:08]} c6 {[%clk 1:31:11]}
9. b3 {[%clk 1:29:42]} Bd7 {[%clk 1:31:20]} 10. Qc2 {[%clk 1:23:19]} Be8
{[%clk 1:28:51]} 11. e4 {[%clk 1:20:48]} fxe4 {[%clk 1:28:59]} 12. Ng5
{[%clk 1:20:49]} Bf7 {[%clk 1:28:49]} 13. Nxf7 {[%clk 1:19:57]} Rxf7
{[%clk 1:29:10]} 14. Bh3 {[%clk 1:20:16]} Rf8 {[%clk 1:25:22]} 15. Nxe4
{[%clk 1:19:01]} e5 {[%clk 1:25:04]} 16. Ng5 {[%clk 1:11:50]} exd4
{[%clk 1:24:39]} 17. Ne6 {[%clk 1:11:58]} Qb6 {[%clk 1:24:53]} 18. Nxf8
{[%clk 1:06:06]} Kxf8 {[%clk 1:25:02]} 19. Bg5 {[%clk 1:06:05]} c5
{[%clk 1:24:59]} 20. Bxf6 {[%clk 1:05:22]} Bxf6 {[%clk 1:25:23]} 21. Qxh7
{[%clk 1:05:46]} a5 {[%clk 1:24:21]} 22. Rae1 {[%clk 1:05:28]} Ra6
{[%clk 1:22:35]} 23. Qh8+ {[%clk 1:05:46]} Kf7 {[%clk 1:22:58]} 24. Qe8#  1-0

[Event "European Senior Team Championship 2021"]
[Site "Don Giovanni hotel, Vinohradska 2733, Prague, Czech Republic"]
[Date "2021.08.31"]
[Round "2"]
[Board "2"]
[White "Zemanek, Jan"]
[Black "Vokac, Marek"]
[Result "0-1"]
[WhiteElo "1860"]
[BlackElo "2370"]
[PlyCount "0"]
[EventDate "2021.08.30"]
[EventType "team"]
[EventRounds "9"]
[EventCountry "ECX"]
[WhiteTeam "MAKKABI BOSKOVICE"]
[BlackTeam "CZECH REPUBLIC"]

1. d4 {[%clk 1:30:18]} g6 {[%clk 1:30:28]} 2. c4 {[%clk 1:30:23]} Bg7
{[%clk 1:30:51]} 3. Nc3 {[%clk 1:30:05]} c5 {[%clk 1:31:07]} 4. d5
{[%clk 1:29:51]} f5 {[%clk 1:30:10]} 5. e3 {[%clk 1:27:23]} Bxc3+
{[%clk 1:30:07]} 6. bxc3 {[%clk 1:27:23]} Nf6 {[%clk 1:30:35]} 7. Bd3
{[%clk 1:26:21]} Qa5 {[%clk 1:30:54]} 8. Ne2 {[%clk 1:25:51]} d6 {[%clk 1:31:16]}
9. O-O {[%clk 1:24:22]} Nbd7 {[%clk 1:31:31]} 10. f3 {[%clk 1:19:02]} Ne5
{[%clk 1:30:07]} 11. Qc2 {[%clk 1:14:20]} b5 {[%clk 1:25:00]} 12. f4
{[%clk 1:10:59]} Nxd3 {[%clk 1:24:19]} 13. Qxd3 {[%clk 1:11:07]} bxc4
{[%clk 1:24:46]} 14. Qc2 {[%clk 1:08:48]} Bb7 {[%clk 1:24:40]}  0-1

[Event "European Senior Team Championship 2021"]
[Site "Don Giovanni hotel, Vinohradska 2733, Prague, Czech Republic"]
[Date "2021.08.31"]
[Round "2"]
[Board "4"]
[White "Sysr, Pavel"]
[Black "Konopka, Michal"]
[Result "0-1"]
[WhiteElo "1563"]
[BlackElo "2368"]
[PlyCount "0"]
[EventDate "2021.08.30"]
[EventType "team"]
[EventRounds "9"]
[EventCountry "ECX"]
[WhiteTeam "MAKKABI BOSKOVICE"]
[BlackTeam "CZECH REPUBLIC"]

1. d4 {[%clk 1:30:54]} Nf6 {[%clk 1:30:42]} 2. c4 {[%clk 1:31:09]} g6
{[%clk 1:30:51]} 3. Nf3 {[%clk 1:31:19]} Bg7 {[%clk 1:31:09]} 4. e3
{[%clk 1:31:42]} O-O {[%clk 1:31:24]} 5. Be2 {[%clk 1:32:06]} c5 {[%clk 1:31:23]}
6. O-O {[%clk 1:32:09]} cxd4 {[%clk 1:31:15]} 7. exd4 {[%clk 1:32:31]} d5
{[%clk 1:31:35]} 8. Nc3 {[%clk 1:30:27]} Nc6 {[%clk 1:28:11]} 9. a3
{[%clk 1:25:50]} Bg4 {[%clk 1:25:26]} 10. Be3 {[%clk 1:22:09]} dxc4
{[%clk 1:22:35]} 11. Ne5 {[%clk 1:12:19]} Bxe2 {[%clk 1:17:06]} 12. Nxc6
{[%clk 1:11:06]} Bxd1 {[%clk 1:16:46]} 13. Nxd8 {[%clk 1:11:25]} Rfxd8
{[%clk 1:13:13]} 14. Raxd1 {[%clk 1:11:45]} Nd5 {[%clk 1:13:33]} 15. Rfe1
{[%clk 1:06:18]} e6 {[%clk 1:11:06]} 16. Ne4 {[%clk 1:05:18]} Rac8
{[%clk 1:08:58]} 17. Rc1 {[%clk 1:02:41]} h6 {[%clk 0:58:56]} 18. Red1
{[%clk 1:01:49]} b6 {[%clk 0:56:21]} 19. Kf1 {[%clk 0:59:49]} g5 {[%clk 0:53:15]}
20. g3 {[%clk 0:58:02]} f5 {[%clk 0:50:58]} 21. Nc3 {[%clk 0:57:43]} Kf7
{[%clk 0:51:05]} 22. Ke2 {[%clk 0:57:21]} a6 {[%clk 0:44:29]} 23. f3
{[%clk 0:53:26]} b5 {[%clk 0:44:09]} 24. Bf2 {[%clk 0:46:07]} Rd7
{[%clk 0:44:27]} 25. Rd2 {[%clk 0:43:15]} Ne7 {[%clk 0:40:00]} 26. Rcd1
{[%clk 0:41:50]} Rcd8 {[%clk 0:39:44]} 27. Ke3 {[%clk 0:37:36]} Nc6
{[%clk 0:36:54]} 28. Ne2 {[%clk 0:30:38]} Na5 {[%clk 0:37:34]}  0-1

[Event "European Senior Team Championship 2021"]
[Site "Don Giovanni hotel, Vinohradska 2733, Prague, Czech Republic"]
[Date "2021.09.01"]
[Round "3"]
[Board "2"]
[White "Vrbata, Zbynek"]
[Black "Zemanek, Jan"]
[Result "1-0"]
[WhiteElo "2339"]
[BlackElo "1860"]
[PlyCount "0"]
[EventDate "2021.08.30"]
[EventType "team"]
[EventRounds "9"]
[EventCountry "ECX"]
[WhiteTeam "1960-69"]
[BlackTeam "MAKKABI BOSKOVICE"]

1. d4 {[%clk 1:31:00]} d5 {[%clk 1:30:50]} 2. c4 {[%clk 1:31:24]} c6
{[%clk 1:30:21]} 3. Nf3 {[%clk 1:31:34]} Nf6 {[%clk 1:30:22]} 4. e3
{[%clk 1:31:42]} e6 {[%clk 1:30:37]} 5. Nbd2 {[%clk 1:31:47]} Nbd7
{[%clk 1:30:35]} 6. b3 {[%clk 1:32:09]} Be7 {[%clk 1:30:06]} 7. Bb2
{[%clk 1:32:26]} O-O {[%clk 1:26:49]} 8. Bd3 {[%clk 1:31:56]} b6 {[%clk 1:24:13]}
9. Ne5 {[%clk 1:22:31]} Bb7 {[%clk 1:24:13]} 10. cxd5 {[%clk 1:20:36]} cxd5
{[%clk 1:24:02]} 11. O-O {[%clk 1:20:42]} Rc8 {[%clk 1:19:53]} 12. Ndf3
{[%clk 1:12:29]} Nxe5 {[%clk 1:14:18]} 13. Nxe5 {[%clk 1:11:47]} Rc7
{[%clk 1:12:12]} 14. f3 {[%clk 1:10:35]} Nd7 {[%clk 1:11:24]} 15. f4
{[%clk 1:10:27]} f5 {[%clk 1:11:15]} 16. g4 {[%clk 1:10:38]} Nxe5
{[%clk 1:10:37]} 17. fxe5 {[%clk 1:10:20]} g6 {[%clk 1:02:29]} 18. Qe2
{[%clk 0:58:02]} Rf7 {[%clk 1:00:48]} 19. Bc1 {[%clk 0:54:28]} Bf8
{[%clk 1:00:47]} 20. Qg2 {[%clk 0:54:40]} Rg7 {[%clk 0:47:15]} 21. Bd2
{[%clk 0:53:28]} Qc8 {[%clk 0:36:34]} 22. Qe2 {[%clk 0:52:39]} Qd8
{[%clk 0:35:49]} 23. Kh1 {[%clk 0:52:13]} Kh8 {[%clk 0:31:41]} 24. Rg1
{[%clk 0:51:36]} Qe8 {[%clk 0:28:30]} 25. Be1 {[%clk 0:51:19]} h5
{[%clk 0:14:51]} 26. gxf5 {[%clk 0:40:54]} gxf5 {[%clk 0:14:34]} 27. Bh4
{[%clk 0:40:10]} Rxg1+ {[%clk 0:08:31]} 28. Rxg1 {[%clk 0:40:22]} Bh6
{[%clk 0:08:49]} 29. Qf3 {[%clk 0:36:20]} Kh7 {[%clk 0:01:44]} 30. Bf6
{[%clk 0:33:36]} Bc8 {[%clk 0:01:49]} 31. Qg3 {[%clk 0:31:00]} Rc3
{[%clk 0:02:07]} 32. Be2 {[%clk 0:25:44]} Rxe3 {[%clk 0:02:09]} 33. Qg2
{[%clk 0:26:10]} Rxe2 {[%clk 0:01:56]} 34. Qxe2 {[%clk 0:26:33]} Bd7
{[%clk 0:02:02]} 35. a4 {[%clk 0:25:01]} Qf7 {[%clk 0:02:07]} 36. Rg3
{[%clk 0:21:44]} Be8 {[%clk 0:02:17]} 37. Qc2 {[%clk 0:17:25]} Qd7 38. Rc3
{[%clk 0:16:31]} Bf7 {[%clk 0:01:24]} 39. Rc7 {[%clk 0:14:35]} Qe8
{[%clk 0:01:30]} 40. Rc8  1-0